| 000 | 00736nam a2200193Ia 4500 | ||
|---|---|---|---|
| 008 | 0000002002 sc a 0000000000eng00 | ||
| 090 | _aPSTK00 M15j | ||
| 100 | 1 | _aMcNab, Janice ,1964 | |
| 245 | 1 | 0 | _aJanice McNab |
| 300 |
_a[16] p. _c/ 20 cm. |
||
| 500 | _aExposición realizada en Goggerfisher, Edinburgo, Junio 23Julio 29, 2001 ; Tramway, Glasglow, Enero 17 marzo 3, 2002 \ Con el patronazgo del maestro venezolano Jesús Rafael Soto (q.e.p.d.) | ||
| 600 | 0 | 0 |
_a MCNAB, JANICE, 1964/ _xTRABAJOS PICTORICOS |
| 650 | 1 | 4 | _a PINTURA ESCOCESA |
| 650 | 1 | 4 | _aARTE CONTEMPORANEO ESCOCES |
| 650 | 1 | 4 | _xCATALOGOS |
| 650 | 1 | 4 | _xEXPOSICIONES |
| 650 | 1 | 4 | _aPINTORES ESCOCESES |
| 999 |
_c740 _d740 |
||
| 260 |
_aGlasgow (Escocia) : Tramway _c2002 |
||